Russel Botman (Record no. 182222)

MARC details
000 -LEADER
fixed length control field 00406nmm a2200121Ia 4500
245 #0 - TITLE STATEMENT
Title Russel Botman
260 ## - PUBLICATION, DISTRIBUTION, ETC. (IMPRINT)
Place of publication African Sun Media
Year of publication 2017
650 ## - SUBJECT ADDED ENTRY--TOPICAL TERM
Topical Term Film Studies ; Communication Studies ; Art & Art History ; Latin American Studies ; History
856 ## - ELECTRONIC LOCATION AND ACCESS
Uniform Resource Identifier https://www.jstor.org/stable/10.2307/j.ctv1nzfz9c
942 ## - ADDED ENTRY ELEMENTS (KOHA)
Koha item type
Holdings
Withdrawn status Lost status Damaged status Not for loan Permanent Location Current Location Date acquired Price effective from Koha item type
        Library and Documentation Division NCERT Library and Documentation Division NCERT 11/19/2024 11/19/2024